Kings of Nepal history (Shah Dynasty) - Statistics

General Stats
  • This quiz has been taken 12 times
  • The average score is 10 of 12
Answer Stats
Reign King % Correct
1972-2001 Birendra Bir Bikram Shah
100%
2001 Dipendra Bir Bikram Shah
100%
2001-2008 Gyanendra Bir Bikram Shah
100%
1955-1972 Mahendra Bir BIkram Shah
100%
1911-1955 Tribhuvan Bir Bikram Shah
100%
1881-1911 Prithvi Bir Bikram Shah
89%
1743-1775 Prithvi Narayan Shah
89%
1847-1881 Surendra Bikram Shah
67%
1775-1777 Pratap Singh Shah
56%
1816-1847 Rajendra Bikram Shah
56%
1777-1799 Rana Bahadur Shah
56%
1799-1816 Girvan Yuddha Bikram Shah
44%
No matching quizzes found
Score Distribution
Percent of People with Each Score
Percentile by Number Answered
Your Score History
You have not taken this quiz